150 trabajos manuales y juegos infantiles

Gardado en:
Detalles Bibliográficos
Autor Principal: Kuhnemann, Ursula
Formato: Libro
Idioma:Lingua castelá
Publicado: Kapelusz. 1970.
Subjects:
Tags: Engadir etiqueta
Sen Etiquetas, Sexa o primeiro en etiquetar este rexistro!

MARC

LEADER 00000nam a22000005a 4500
001 12339
003 CL-ChBUA
005 20120815103411.0
008 070301s1970 ag 000 0 spa
040 |a CL-ChBUA  |c CL-ChBUA 
082 0 0 |a 372.5 
090 |c 12339  |d 12339 
100 1 |a Kuhnemann, Ursula. 
245 1 0 |a 150 trabajos manuales y juegos infantiles 
260 |b Kapelusz.  |c 1970. 
300 |a 83 p.  |c 22 cm. 
504 |a Indice. 
650 4 |a ARTES MANUALES. 
942 |c LIB 
952 |0 0  |1 0  |4 0  |7 0  |9 17578  |a UNACH  |b UNACH  |c 300  |d 2007-03-05  |i 14.856.  |l 0  |o 372.5 / K 96c.  |p 18577  |r 2026-03-16 19:38:31  |u 17578  |w 2012-08-08  |y LIB  |k 372.5 / K 96c. 
999 |c 12339  |d 12339